Código penal de 8 de septiembre de 1928 con las rectificaciones acordadas por R.O. de 30 de octubre de 1928 y las aclaraciones dispuestas por R.D. Ley de 10 del mismo año / (Record no. 44852)

MARC details
000 -LEADER
campo de control de longitud fija 00771nam a2200205 i 4500
001 - NÚMERO DE CONTROL
campo de control 44852
003 - IDENTIFICADOR DE NÚMERO DE CONTROL
campo de control ES-MaACL
005 - FECHA Y HORA DE LA ÚLTIMA TRANSACCIÓN
campo de control 20250809035213.0
007 - CAMPO FIJO DE DESCRIPCIÓN FÍSICA--INFORMACIÓN GENERAL
campo de control de longitud fija t|
008 - DATOS DE LONGITUD FIJA--INFORMACIÓN GENERAL
campo de control de longitud fija 030324s1929 sp ||||1| spa d
080 ## - NÚMERO DE LA CLASIFICACIÓN DECIMAL UNIVERSAL
Número de la Clasificación Decimal Universal 343(460)"1928"(094.4)
110 1# - ENTRADA PRINCIPAL--NOMBRE DE ENTIDAD CORPORATIVA
Nombre de entidad corporativa o nombre de jurisdicción como elemento de entrada España.
Título de la obra Código penal, 1928.
9 (RLIN) 176223
245 10 - MENCIÓN DEL TÍTULO
Título Código penal de 8 de septiembre de 1928 con las rectificaciones acordadas por R.O. de 30 de octubre de 1928 y las aclaraciones dispuestas por R.D. Ley de 10 del mismo año /
Mención de responsabilidad, etc. por Eugenio Cuello Calón.
260 ## - PUBLICACIÓN, DISTRIBUCIÓN, ETC.
Lugar de publicación, distribución, etc. Barcelona :
Nombre del editor, distribuidor, etc. [s.n.],
Fecha de publicación, distribución, etc. 1929 (
Fabricante A. Ortega)
300 ## - DESCRIPCIÓN FÍSICA
Extensión XX, 532 p. ;
Dimensiones 18 cm.
650 #4 - PUNTO DE ACCESO ADICIONAL DE MATERIA--TÉRMINO DE MATERIA
Término de materia o nombre geográfico como elemento de entrada Derecho penal-
Subdivisión geográfica España
9 (RLIN) 11752
700 1# - ENTRADA AGREGADA--NOMBRE PERSONAL
Nombre de persona Cuello Calón, Eugenio.
9 (RLIN) 41986
852 4# - LOCALIZACIÓN
Ubicación ES-MaACL
Número de control de estantería F-14550
Holdings
Estatus retirado Estado de pérdida Estado de daño No para préstamo Biblioteca de origen Biblioteca actual Ubicación en estantería Fecha de adquisición Fuente de adquisición Total de préstamos Signatura topográfica completa Código de barras Visto por última vez Precio de reemplazo Tipo de ítem Koha
        Biblioteca del Ateneo de Madrid Biblioteca del Ateneo de Madrid Sala Pecera Planta 2 17/01/2008     F-14550 1047204 23/02/2023 23/02/2023 Libro impreso